| 000 | 00734nam a2200229Ia 4500 | ||
|---|---|---|---|
| 001 | 7011 | ||
| 003 | GE_BSU | ||
| 008 | 181216s||||||||xx |||||||||||||| ||und|| | ||
| 040 | _cGE_BSU | ||
| 080 | _a624.012.45(075.8) | ||
| 100 | _aБайков,В.Н. Сигалов,Э.Е. | ||
| 245 | _aЖелезобетонные конструкций:общий курс. | ||
| 245 | _bУчебник для вузов. | ||
| 245 | _cнауч. ред. А.Н.Волгушев. | ||
| 250 | _aИзд. второе, перераб. и доп. | ||
| 260 | _aМ. | ||
| 260 | _bСтройиздат. | ||
| 260 | _c1977. | ||
| 300 | _a783стр.с илл.22см. | ||
| 653 | _aЖелезобетонные конструкций. | ||
| 942 | _cBK | ||
| 999 |
_c40403 _d40403 |
||